000 00515nam a2200169 i 4500
001 75247
003 ES-MaACL
005 20230906172401.0
007 t|
008 040923s1969 sp ||||1| spa d
100 1 _aGranja Alonso, Manuel de la.
_959643
245 1 0 _aTemas de química /
_cpor Manuel de la Granja Alonso.
250 _a[1ª ed.].
260 _aMadrid :
_bAlhambra,
_c[1969] (
_eBilbao :
_fEl Noticiero Bilbaíno)
300 _aXVI, 636 p. :
_bil. ;
_c21 cm.
852 _aES-MaACL
_jC-38769
_bR.70510
999 _c75247
_d75247